| 000 -LEADER |
| fixed length control field |
00351nam a22001457a 4500 |
| 008 - FIXED-LENGTH DATA ELEMENTS--GENERAL INFORMATION |
| fixed length control field |
221201b ||||| |||| 00| 0 eng d |
| 020 ## - INTERNATIONAL STANDARD BOOK NUMBER |
| International Standard Book Number |
9781429243285 |
| 041 ## - LANGUAGE CODE |
| Language code of text/sound track or separate title |
eng |
| 080 ## - UNIVERSAL DECIMAL CLASSIFICATION NUMBER |
| Edition identifier |
SEVENTH EDITION |
| Universal Decimal Classification number |
616.053 |
| 082 ## - DEWEY DECIMAL CLASSIFICATION NUMBER |
| Classification number |
616.053LIG |
| 100 ## - Rafti |
| Rafti |
14.2 |
| 101 ## - Shkurtesa |
| Shkurtesa |
PEDIAT |
| 245 ## - TITLE STATEMENT |
| Title |
THE DEVELOPMENT OF CHILDREN |
| Statement of responsibility, etc |
LIGHTFOOT C |
| 942 ## - ADDED ENTRY ELEMENTS (KOHA) |
| Source of classification or shelving scheme |
|
| Item type |
Books |